[Event "Martigny op 24th"]
[Site "Martigny"]
[Date "2015.08.02"]
[Round "4"]
[White "Bauer, Christian"]
[Black "Duruz, Noe"]
[Result "1-0"]
[WhiteElo "2618"]
[BlackElo "2097"]
[PlyCount "45"]
[EventDate "2015.07.31"]
[EventType "swiss"]
[EventRounds "7"]
[EventCountry "SUI"]
[SourceTitle "EXT 2017"]
[Source "ChessBase"]
[SourceDate "2016.10.25"]
[SourceVersion "1"]
[SourceVersionDate "2016.10.25"]
[SourceQuality "1"]

1. Nf3 Nf6 2. c4 e6 3. g3 d5 4. Bg2 Be7 5. 0-0 0-0 6. d4 Nbd7 7. Qc2 c5 8. Rd1 Qb6 9. cxd5 exd5 10. Nc3 Rd8 11. dxc5 Nxc5 12. Be3 Qa5 13. Ng5 g6 14. Nxd5 Nxd5 15. Bxd5 Ne6 16. Nxe6 Bxe6 17. Bxe6 fxe6 18. Qe4 Qa6 19. b3 Bf6 20. Rac1 Rxd1+ 21. Rxd1 Rd8 22. Rxd8+ Bxd8 23. Qe5 1-0

[Event "Martigny op 24th"]
[Site "Martigny"]
[Date "2015.08.01"]
[Round "2"]
[White "Brunner, Nicolas"]
[Black "Duruz, Noe"]
[Result "1-0"]
[WhiteElo "2423"]
[BlackElo "2097"]
[PlyCount "63"]
[EventDate "2015.07.31"]
[EventType "swiss"]
[EventRounds "7"]
[EventCountry "SUI"]
[SourceTitle "EXT 2017"]
[Source "ChessBase"]
[SourceDate "2016.10.25"]
[SourceVersion "1"]
[SourceVersionDate "2016.10.25"]
[SourceQuality "1"]

1. d4 Nf6 2. c4 e6 3. Nc3 Bb4 4. Nf3 d5 5. cxd5 exd5 6. Bg5 h6 7. Bh4 g5 8. Bg3 Ne4 9. Nd2 Nxc3 10. bxc3 Bxc3 11. Rc1 Bb2 12. Bxc7 Qe7 13. Bd6 Qe6 14. Rb1 Bc3 15. Rc1 Bb2 16. Rc2 Bxd4 17. e3 Nc6 18. Ba3 Bd7 19. Nb3 Bb6 20. Bb5 Ne7 21. Bxd7+ Qxd7 22. 0-0 0-0 23. Qf3 Rfc8 24. Rd2 Rc6 25. Rfd1 Rac8 26. e4 Rc2 27. Qf6 Ng6 28. Bb2 d4 29. Nxd4 Rxb2 30. Nf5 Qxf5 31. Qxf5 Ne7 32. Qxc8+ 1-0

[Event "Belp op"]
[Site "Belp"]
[Date "2015.05.23"]
[Round "2"]
[White "Duruz, Noe"]
[Black "Sriram, Jha"]
[Result "0-1"]
[WhiteElo "2039"]
[BlackElo "2409"]
[PlyCount "32"]
[EventDate "2015.05.23"]
[EventType "swiss"]
[EventRounds "5"]
[EventCountry "SUI"]
[SourceTitle "EXT 2016"]
[Source "ChessBase"]
[SourceDate "2015.10.08"]
[SourceVersion "1"]
[SourceVersionDate "2015.10.08"]
[SourceQuality "1"]

1. e4 e5 2. Nf3 Nc6 3. d4 exd4 4. Nxd4 Nf6 5. Nc3 Bb4 6. Nxc6 bxc6 7. Bd3 d5 8. exd5 0-0 9. 0-0 cxd5 10. Bg5 c6 11. h3 h6 12. Bh4 Bd6 13. Qf3 Rb8 14. Rab1 Re8 15. Ne2 g5 16. Bg3 g4 0-1

[Event "Arco op 34th"]
[Site "Arco"]
[Date "2012.10.18"]
[Round "6"]
[White "Duruz, Noe"]
[Black "Machlik, Jon"]
[Result "1-0"]
[WhiteElo "1930"]
[BlackElo "1732"]
[PlyCount "77"]
[EventDate "2012.10.13"]
[EventType "swiss"]
[EventRounds "9"]
[EventCountry "ITA"]
[SourceTitle "EXT 2013"]
[Source "ChessBase"]
[SourceDate "2012.11.22"]
[SourceVersion "1"]
[SourceVersionDate "2012.11.22"]
[SourceQuality "1"]

1. e4 e5 2. Nf3 Nc6 3. d4 exd4 4. Nxd4 Bc5 5. Be3 Qf6 6. c3 Nge7 7. Bc4 0-0 8. 0-0 Rd8 9. Nxc6 Qxc6 10. Bxf7+ Kxf7 11. Qh5+ Kg8 12. Bxc5 d6 13. Bd4 Qxe4 14. Qg5 Qg6 15. Qxe7 Bh3 16. Qxg7+ Qxg7 17. Bxg7 Bxg2 18. Kxg2 Kxg7 19. Nd2 d5 20. Rae1 Kf6 21. f4 c5 22. Re5 b6 23. Rfe1 Rd6 24. c4 Rad8 25. Kf3 Kg6 26. Rg1+ Kf7 27. Rf5+ Ke6 28. Rxd5 Rxd5 29. cxd5+ Rxd5 30. Ke3 b5 31. Rg7 Rh5 32. Nf3 c4 33. Rg5 Rxg5 34. Nxg5+ Kf5 35. Nxh7 b4 36. Kd4 c3 37. bxc3 bxc3 38. Kxc3 Kxf4 39. Kb4 1-0

[Event "SUI-ch U14"]
[Site "St Ursanne"]
[Date "2011.07.02"]
[Round "5"]
[White "Duruz, Noe"]
[Black "Iliev, Dimitar2222"]
[Result "1/2-1/2"]
[WhiteElo "1777"]
[BlackElo "1825"]
[PlyCount "118"]
[EventDate "2011.06.30"]
[EventType "swiss"]
[EventRounds "7"]
[EventCountry "SUI"]
[SourceTitle "EXT 2012"]
[Source "ChessBase"]
[SourceDate "2011.11.24"]
[SourceVersion "1"]
[SourceVersionDate "2011.11.24"]
[SourceQuality "1"]

1. e4 c5 2. Nf3 d6 3. c3 Nf6 4. h3 Nxe4 5. Qa4+ Nc6 6. Qxe4 d5 7. Qc2 e5 8. Bb5 e4 9. Ne5 Qc7 10. d4 f6 11. Nxc6 bxc6 12. Be2 f5 13. g3 cxd4 14. cxd4 Bd6 15. Nc3 0-0 16. Nxd5 cxd5 17. Qxc7 Bxc7 18. Bf4 Bxf4 19. gxf4 Bd7 20. Rc1 Rfc8 21. Kd2 a5 22. Rxc8+ Rxc8 23. Rc1 Rxc1 24. Kxc1 Kf7 25. a3 h6 26. h4 Kf6 27. b4 axb4 28. axb4 g5 29. fxg5+ hxg5 30. hxg5+ Kxg5 31. Kd2 f4 32. Ba6 Kf6 33. b5 Ke7 34. b6 Kd6 35. Bb7 Be6 36. Ke2 Bf7 37. Kf1 Bg8 38. Kg2 Be6 39. Kh2 Bg8 40. Kh3 Be6+ 41. Kh4 Kd7 42. Ba6 Kc6 43. b7 Kc7 44. Kg5 e3 45. fxe3 fxe3 46. Kf4 e2 47. Bxe2 Kxb7 48. Ke5 Bh3 49. Bf3 Kc6 50. Bxd5+ Kd7 51. Be4 Kc7 52. d5 Kd8 53. Kd6 Bd7 54. Bg6 Bh3 55. Ke5 Bf1 56. d6 Be2 57. Bf5 Bf1 58. Ke6 Be2 59. d7 Bb5 1/2-1/2

[Event "SUI-ch U14"]
[Site "Belp"]
[Date "2010.07.04"]
[Round "7"]
[White "Roost, Till"]
[Black "Duruz, Noe"]
[Result "1/2-1/2"]
[WhiteElo "1584"]
[BlackElo "1554"]
[PlyCount "95"]
[EventDate "2010.06.29"]
[EventType "swiss"]
[EventRounds "7"]
[EventCountry "SUI"]
[SourceTitle "EXT 2012"]
[Source "ChessBase"]
[SourceDate "2011.11.24"]
[SourceVersion "1"]
[SourceVersionDate "2011.11.24"]
[SourceQuality "1"]

1. d4 d5 2. c4 c6 3. Nc3 e6 4. Nf3 Nf6 5. Bg5 Be7 6. e3 Nbd7 7. Bd3 0-0 8. 0-0 h6 9. Bh4 Re8 10. Re1 b6 11. cxd5 exd5 12. Rc1 Bb7 13. a3 Rc8 14. b4 c5 15. bxc5 bxc5 16. dxc5 Nxc5 17. Bb5 Rf8 18. Nd4 a6 19. Be2 Ne6 20. Qb3 Rb8 21. Red1 Bc6 22. Nxc6 Rxb3 23. Nxd8 Rxd8 24. Bxa6 g5 25. Bg3 Rxa3 26. Be2 Rb3 27. Be5 Kg7 28. Nxd5 Rb7 29. Nxe7 Rxe7 30. Rxd8 Nxd8 31. Bxf6+ Kxf6 32. Rd1 Ne6 33. Bc4 Rc7 34. Bxe6 Kxe6 35. g4 f5 36. gxf5+ Kxf5 37. Kg2 Re7 38. Kg3 Kg6 39. Rd4 Kf5 40. h4 gxh4+ 41. Kxh4 Kg6 42. Rg4+ Kf5 43. Rf4+ Ke5 44. f3 Ra7 45. Re4+ Kf5 46. Rd4 Ra3 47. Re4 Ra6 48. Rd4 1/2-1/2

[Event "SUI-ch U14"]
[Site "Belp"]
[Date "2010.07.04"]
[Round "6"]
[White "Schweizer, Samuel"]
[Black "Duruz, Noe"]
[Result "1-0"]
[WhiteElo "1599"]
[BlackElo "1554"]
[PlyCount "79"]
[EventDate "2010.06.29"]
[EventType "swiss"]
[EventRounds "7"]
[EventCountry "SUI"]
[SourceTitle "EXT 2012"]
[Source "ChessBase"]
[SourceDate "2011.11.24"]
[SourceVersion "1"]
[SourceVersionDate "2011.11.24"]
[SourceQuality "1"]

1. e4 e5 2. Nf3 Nc6 3. Nc3 Bc5 4. d3 d6 5. h3 Be6 6. Na4 Qd7 7. Nxc5 dxc5 8. Be3 b6 9. Ng5 Nf6 10. Nxe6 Qxe6 11. c3 Rd8 12. Qc2 0-0 13. Be2 h6 14. 0-0 Rd6 15. f4 Rfd8 16. f5 Qd7 17. Rad1 Nh7 18. a3 a5 19. b3 Kh8 20. Rd2 Rg8 21. Rfd1 g6 22. Rf1 gxf5 23. exf5 Ng5 24. Bg4 f6 25. Qd1 Qg7 26. Qe2 Kh7 27. Kh2 e4 28. dxe4 Rxd2 29. Bxd2 h5 30. Bxh5 Ne5 31. Bf4 Kh8 32. Bxe5 fxe5 33. Rd1 Nxe4 34. Qxe4 Qg3+ 35. Kh1 Qxc3 36. Bg6 Kg7 37. Rd7+ Kf8 38. Rf7+ Ke8 39. Qc6+ Kd8 40. Qd7# 1-0